000 00891nam a2200265 i 4500
001 181661
003 ES-MaACL
005 20250927155545.0
008 130306s1971 sp | |||||||| |dcat d
080 _a929 Puget, Rafel
080 _a929 Puget, Jacint
080 _a849.9-94"19"
080 _a929 Llimona, José
100 1 _aPla, Josep,
_d1897-1981
_9164614
245 1 0 _aTres senyors :
_bun senyor de Barcelona, un senyor de terra del foc, l'escultor Josep Llimona.
260 _aBarcelona :
_bDestino,
_c[1971]
300 _a643 p. ;
_c18 cm.
490 1 _aObra Completa de Josep Pla ;
_v19
600 1 7 _aLlimona, Josep,
_d1864-1934
_2
_9152437
600 1 4 _aPuget, Rafel (
_d1873-1945)
_9152438
600 1 7 _aPuget, Jacint,
_d1879-1969
_2
_9152439
830 0 _aObra Completa de Josep Pla ;
_v19
_9191524
852 _aES-MaACL
_jJ-46(19)
999 _c181661
_d181661